|
|
|
|
| LEADER |
01400nam a2200277 a 4500 |
| 001 |
GR-Patra30862 |
| 008 |
110620s2010 gr 000 0 gre d |
| 020 |
|
|
|a 9789604880997
|
| 050 |
|
|
|a DR719
|b .V99 2010
|
| 082 |
|
0 |
|a 938.3
|2 22
|
| 110 |
2 |
|
|a National Geographic Society
|
| 245 |
1 |
0 |
|a Βυζάντιο και Κωνσταντινούπολη :
|b από το χθες στο σήμερα: ιστορικό λεύκωμα.
|
| 260 |
|
|
|a Αθήνα :
|b National Geographic Ελλάδα :
|b 4π,
|c 2010
|
| 300 |
|
|
|a 156 σ. :
|b εικ.
|
| 500 |
|
|
|a Συνοδευτικό του περιοδικού: National Geographic Ελλάδα, τέυχος 25 Οκτωβρίος 2010
|
| 650 |
|
4 |
|a ΚΩΝΣΤΑΝΤΙΝΟΥΠΟΛΗ-ΠΕΡΙΓΡΑΦΗ
|
| 651 |
|
0 |
|a Byzantine Empire
|x History
|
| 651 |
|
0 |
|a Istanbul (Turkey)
|x Description and travel
|
| 651 |
|
4 |
|a Βυζαντινή Αυτοκρατορία
|x Ιστορία
|
| 651 |
|
4 |
|a Κωνσταντινούπολη
|x Περιγραφή και ταξίδια
|
| 653 |
|
|
|a ΒΥΖΑΝΤΙΝΗ ΑΥΤΟΚΡΑΤΙΑ-ΙΣΤΟΡΙΑ
|
| 710 |
0 |
|
|a National Geographic Ελλάδα
|
| 942 |
|
|
|2 ddc
|
| 952 |
|
|
|0 0
|1 0
|2 ddc
|4 0
|6 938_300000000000000_ΒΥΖ
|7 1
|9 313295
|a LISK
|b LISK
|c BSC
|d 2021-01-17
|e 24
|f 0
|g 0.00
|l 0
|o 938.3 ΒΥΖ
|p 92410048849
|r 2021-01-17 00:00:00
|t 1
|w 2021-01-17
|y BKN
|x 20120327 0 0
|x GrPaTEI
|
| 971 |
|
|
|a .b26784348
|b 08-10-20
|c 26-09-16
|
| 999 |
|
|
|c 179276
|d 179276
|